000 00477nam a22001817a 4500
003 OSt
008 220104b ||||| |||| 00| 0 eng d
020 _a9780000987570
082 _a681.14 CHR
100 _aCHUA,Chee Kai
245 _aRapid Prototyping : 3D Printing and Additive Manufacturing
250 _a5th
260 _aHyderabad
_bWorld Scientific
_c1st Reprint
300 _a426
650 _aME Electrical Vechile
700 _aLEONG,Kah Fai
942 _2ddc
_cBK
999 _c11046
_d11046